01443cam a2200229 a 450000100070000000500170000700800410002401000170006502000330008204000180011504300120013305000200014508200150016524501070018026001210028730000340040850400510044250506010049365000460109465000530114070000200119361758420210414113922.0921211s1993 caua b 101 0 eng  a 92046168  a1558152474 (paper) :c$14.95 aDLCcDLCdDLC acl-----00aHD4010.5.L38b 00a338.9822000aLatin America's turnaround :privatization, foreign investment, and growth /cedited by Paul H. Boeker. aSan Francisco, Calif. :bInternational Center for Economic Growth :bInstitute of the Americas :bICS Press,cc1993. axvii, 190 p. :bill. c23 cm. aIncludes bibliographical references and index. aContents: Latin America's economic opening and the rediscovery of foreign investment -- The Accelerating pace of privatization in Latin America -- Privatization as a remedy for state-owned enterprises -- Privatization requirements of foreign investors -- Foreign direct investment in Latin America's privatization -- Financial incentives for investment in Chile's privatization -- Privatization as an objective: Telecommunications and regulatory reform -- Private participation in the electric power sector -- Oil and natural gas privatization -- Privatization of tourism and air transportation.  0aPrivatizationzLatin AmericaxCongresses. 0aInvestments, ForeignzLatin AmericaxCongresses.1 aBoeker, Paul H.